Extracto de las contestaciones dadas al interrogatorio sobre las bases en que deban fundarse las leyes especiales que al cumplir el artículo 80 de la Constitución de la Monarquía Española deben presentarse a las Cortes para el gobierno de las provincias de Cuba y de Puerto-Rico / (Record no. 53521)
[ view plain ]
| 000 -LEADER | |
|---|---|
| campo de control de longitud fija | 00995nam a2200205 i 4500 |
| 001 - NÚMERO DE CONTROL | |
| campo de control | 53521 |
| 003 - IDENTIFICADOR DE NÚMERO DE CONTROL | |
| campo de control | ES-MaACL |
| 005 - FECHA Y HORA DE LA ÚLTIMA TRANSACCIÓN | |
| campo de control | 20230906162801.0 |
| 007 - CAMPO FIJO DE DESCRIPCIÓN FÍSICA--INFORMACIÓN GENERAL | |
| campo de control de longitud fija | t| |
| 008 - DATOS DE LONGITUD FIJA--INFORMACIÓN GENERAL | |
| campo de control de longitud fija | 951002s1869 sp |||| | spa d |
| 110 1# - ENTRADA PRINCIPAL--NOMBRE DE ENTIDAD CORPORATIVA | |
| Nombre de entidad corporativa o nombre de jurisdicción como elemento de entrada | España. |
| Unidad subordinada | Ministerio de Ultramar. |
| 9 (RLIN) | 3937 |
| 245 10 - MENCIÓN DEL TÍTULO | |
| Título | Extracto de las contestaciones dadas al interrogatorio sobre las bases en que deban fundarse las leyes especiales que al cumplir el artículo 80 de la Constitución de la Monarquía Española deben presentarse a las Cortes para el gobierno de las provincias de Cuba y de Puerto-Rico / |
| Mención de responsabilidad, etc. | Junta informativa de Ultramar. |
| 260 ## - PUBLICACIÓN, DISTRIBUCIÓN, ETC. | |
| Lugar de publicación, distribución, etc. | Madrid : |
| Nombre del editor, distribuidor, etc. | [s.n.], |
| Fecha de publicación, distribución, etc. | 1869 ( |
| Fabricante | Imp. de la Biblioteca Universal Económica) |
| 300 ## - DESCRIPCIÓN FÍSICA | |
| Extensión | 535, [1] p. ; |
| Dimensiones | 30 cm. |
| 530 ## - NOTA DISPONIBLE DE FORMULARIO FÍSICO ADICIONAL | |
| Nota de formato físico adicional disponible | Disponible en formato digital. |
| 650 #4 - PUNTO DE ACCESO ADICIONAL DE MATERIA--TÉRMINO DE MATERIA | |
| Término de materia o nombre geográfico como elemento de entrada | Derecho colonial- |
| Subdivisión geográfica | Cuba. |
| 9 (RLIN) | 169393 |
| 650 #4 - PUNTO DE ACCESO ADICIONAL DE MATERIA--TÉRMINO DE MATERIA | |
| Término de materia o nombre geográfico como elemento de entrada | Derecho colonial- |
| Subdivisión geográfica | Puerto Rico. |
| 9 (RLIN) | 141891 |
| 852 ## - LOCALIZACIÓN | |
| Ubicación | ES-MaACL |
| Número de control de estantería | G-1669 |
| 856 ## - LOCALIZACIÓN Y ACCESO ELECTRÓNICOS | |
| Identificador Uniforme de Recursos | <a href="http://bdh-rd.bne.es/viewer.vm?id=0000129324&page=1 ">http://bdh-rd.bne.es/viewer.vm?id=0000129324&page=1 </a> |
| Nota pública | Biblioteca Digital Hispánica |
| Estatus retirado | Estado de pérdida | Estado de daño | No para préstamo | Colección | Biblioteca de origen | Biblioteca actual | Ubicación en estantería | Fecha de adquisición | Fuente de adquisición | Total de préstamos | Signatura topográfica completa | Código de barras | Visto por última vez | Precio de reemplazo | Tipo de ítem Koha |
|---|---|---|---|---|---|---|---|---|---|---|---|---|---|---|---|
| Colección digital | Biblioteca del Ateneo de Madrid | Biblioteca del Ateneo de Madrid | Depósito 2 | 17/01/2008 | G-1669 | 1056241 | 23/02/2023 | 23/02/2023 | Libro impreso antiguo |
